[Event "4NCL 3 South pool A"]
[Site "Telford, ENG ENG"]
[Date "2016.02.14"]
[Round "6.90"]
[White "Hassall, Mark I"]
[Black "Biswas, Karl"]
[Result "1-0"]
[WhiteElo "1945"]
[BlackElo "1709"]
[PlyCount "125"]
[EventDate "2016.02.14"]
[WhiteTeam "West is Best 1"]
[BlackTeam "Oxford 2"]

1. e4 e5 2. Nf3 Nf6 3. Nxe5 d6 4. Nf3 Nxe4 5. d4 d5 6. Bd3 Be7 7. O-O O-O 8. c4
c6 9. Nc3 Nxc3 10. bxc3 Be6 11. cxd5 cxd5 12. Re1 Nd7 13. Qc2 h6 14. Bf4 Rc8
15. Rab1 Qa5 16. Rb3 a6 17. Bd2 Qc7 18. a4 Rfe8 19. Qb2 Rb8 20. Rb1 Qa5 21. Ra1
Qc7 22. Bc2 Nf6 23. Rb1 Bc8 24. Bd3 Ne4 25. Bxa6 Nxd2 26. Qxd2 Bg5 27. Nxg5
hxg5 28. Bb5 Bd7 29. Qxg5 Bxb5 30. axb5 Re2 31. Qg3 Rbe8 32. Rf1 Qxg3 33. hxg3
Rc2 34. b6 Ree2 35. Rb5 Rxc3 36. Rxd5 Rb3 37. Rd8+ Kh7 38. Rd7 Rxb6 39. Rxf7
Rd2 40. Rf4 Rb4 41. Re1 Rbxd4 42. Rxd4 Rxd4 43. Rb1 Rd7 44. Rb6 Kg8 45. f4 Kf7
46. Kf2 Rc7 47. g4 Ke7 48. g5 Kf7 49. Kf3 Ke7 50. Ke4 Rd7 51. f5 Kf7 52. g4 Ke7
53. g6 Kf8 54. g5 Rd1 55. Rxb7 Re1+ 56. Kd5 Rg1 57. Ke6 Re1+ 58. Kd7 Rd1+ 59.
Kc8 Rg1 60. Rf7+ Kg8 61. Kd8 Ra1 62. Rc7 Kf8 63. f6 1-0

[Event "4NCL 3 South pool B"]
[Site "Telford, ENG"]
[Date "2016.03.19"]
[Round "7.95"]
[White "Briscoe, Chris"]
[Black "Lambourne, Dan M"]
[Result "1-0"]
[WhiteElo "2195"]
[BlackElo "1983"]
[PlyCount "139"]
[EventDate "2016.03.19"]

1. e4 d6 2. d4 Nf6 3. Nc3 g6 4. Bg5 Bg7 5. Qd2 h6 6. Bf4 c6 7. Be2 Be6 8. Nf3
Nbd7 9. h3 Nb6 10. O-O Qc8 11. Rfe1 g5 12. Bg3 Nh5 13. Bh2 Nf6 14. e5 dxe5 15.
Nxe5 h5 16. Qxg5 Bh6 17. Qh4 Rg8 18. Bf4 Bxf4 19. Qxf4 Bxh3 20. Bxh5 Rxg2+ 21.
Kh1 Rg7 22. Bxf7+ Rxf7 23. Nxf7 Kxf7 24. Ne4 Qf5 25. Ng5+ Ke8 26. Qd6 Nbd5 27.
Qg3 Bg4 28. Re5 Qf4 29. c4 Qxg3 30. fxg3 Nd7 31. Re4 N5f6 32. Re3 Kd8 33. Nf7+
Kc7 34. Rxe7 Rg8 35. Rf1 Nh5 36. Kg2 Nxg3 37. Kxg3 Be2+ 38. Kf2 Bxf1 39. Kxf1
Rg4 40. Rxd7+ Kc8 41. Ne5 Re4 42. Rd6 c5 43. Nf3 Kc7 44. Rd5 cxd4 45. Rxd4 Re6
46. Rd2 Re4 47. Rd4 Re6 48. Ng5 Rh6 49. Ne4 Rh4 50. Ke2 Rh3 51. Kd2 a6 52. Kc2
Kc6 53. Rd6+ Kc7 54. Rg6 Rh5 55. Nc3 Rh7 56. Nd5+ Kb8 57. Rg8+ Ka7 58. c5 Rh5
59. Rd8 a5 60. a4 Rg5 61. Kd3 Rh5 62. Kc4 Rh4+ 63. Kb5 Rh2 64. b4 Rb2 65. Kxa5
Rc2 66. Rc8 Rd2 67. b5 b6+ 68. Nxb6 Rb2 69. Ra8+ Kb7 70. c6+ 1-0

[Event "4NCL 3 South pool B"]
[Site "Telford, ENG"]
[Date "2016.03.19"]
[Round "7.96"]
[White "Kendall, Paul S N"]
[Black "Jones, Steven A"]
[Result "0-1"]
[WhiteElo "1969"]
[BlackElo "2173"]
[PlyCount "184"]
[EventDate "2016.03.19"]

1. e4 c5 2. Nc3 a6 3. g3 b5 4. Bg2 Bb7 5. d3 e6 6. Nf3 d6 7. O-O Nf6 8. Qe2 Nc6
9. Nd1 Be7 10. c3 O-O 11. Ng5 d5 12. f4 h6 13. Nf3 c4 14. exd5 cxd3 15. Qxd3
Nxd5 16. Kh1 Qb6 17. Ne3 Rad8 18. Nxd5 Rxd5 19. Be3 Bc5 20. Bxc5 Qxc5 21. Qe2
Rfd8 22. Rad1 Qd6 23. Rxd5 Qxd5 24. Ne5 Qd6 25. Nxc6 Bxc6 26. a3 Bxg2+ 27. Qxg2
Qc5 28. h4 Qe3 29. Qf2 Qe4+ 30. Qg2 Qc4 31. Re1 Rd3 32. Kh2 Qc8 33. Re2 Qd8 34.
Qe4 Rd1 35. f5 exf5 36. Qxf5 Qa8 37. Kh3 g6 38. Qe4 Qxe4 39. Rxe4 Rd2 40. Rb4
h5 41. a4 bxa4 42. Rxa4 Rxb2 43. Rxa6 Rd2 44. Rf6 Kf8 45. Rf4 Ke7 46. Re4+ Kd6
47. Re8 Rc2 48. Rf8 Rf2 49. c4 Ke6 50. Re8+ Kd7 51. Rf8 Ke7 52. Rc8 f6 53. Rc7+
Ke6 54. Rg7 Kf5 55. Rb7 Rc2 56. Rb5+ Ke4 57. Rb6 Rf2 58. Rb7 Rf5 59. Rg7 g5 60.
hxg5 fxg5 61. Rh7 Rf1 62. Kg2 Rc1 63. Rxh5 Kf5 64. Rh7 Kg4 65. Rf7 Rxc4 66. Rf2
Rc3 67. Kh2 Re3 68. Rg2 Kf3 69. g4 Re1 70. Rg3+ Kf4 71. Rg2 Re8 72. Kg1 Kf3 73.
Kh2 Rh8+ 74. Kg1 Rh3 75. Ra2 Kxg4 76. Ra4+ Kg3 77. Ra3+ Kh4 78. Ra4+ g4 79. Kg2
Rg3+ 80. Kh2 Re3 81. Kg2 Re2+ 82. Kf1 Rb2 83. Ra8 Kg3 84. Ra3+ Kh2 85. Ra8 Rb1+
86. Ke2 g3 87. Rh8+ Kg1 88. Kf3 Rb3+ 89. Ke2 Kg2 90. Rh7 Rb5 91. Re7 Rh5 92.
Ke1 Kh1 0-1

[Event "4NCL 3 South pool B"]
[Site "Telford, ENG"]
[Date "2016.03.19"]
[Round "7.97"]
[White "Singleton, Michael P F"]
[Black "Valentine, Brian J"]
[Result "1/2-1/2"]
[WhiteElo "2125"]
[BlackElo "1959"]
[PlyCount "66"]
[EventDate "2016.03.19"]

1. d4 Nf6 2. c4 e6 3. Nc3 Bb4 4. e3 O-O 5. Nf3 d5 6. Bd3 b6 7. O-O dxc4 8. Bxc4
Bb7 9. a3 Bd6 10. Qe2 Nbd7 11. e4 e5 12. Bg5 h6 13. Bh4 c6 14. Rad1 Qc7 15. Bg3
Rfe8 16. dxe5 Nxe5 17. Rxd6 Qxd6 18. Nxe5 Rxe5 19. Rd1 Qe7 20. Bxe5 Qxe5 21.
Qe3 Re8 22. Qd4 Qxd4 23. Rxd4 c5 24. Rd1 Nxe4 25. Nxe4 Bxe4 26. Rd7 Bg6 27. f3
Kf8 28. Rxa7 Re1+ 29. Kf2 Rb1 30. b3 b5 31. Bxb5 Rxb3 32. a4 Bd3 33. Bxd3 Rxd3
1/2-1/2

[Event "4NCL 3 South pool B"]
[Site "Telford, ENG"]
[Date "2016.03.19"]
[Round "7.98"]
[White "Obi, Marc ON"]
[Black "Seymour, Timothy P"]
[Result "1-0"]
[WhiteElo "1900"]
[BlackElo "2065"]
[PlyCount "59"]
[EventDate "2016.03.19"]

1. c4 e5 2. g3 Nf6 3. Nc3 c6 4. d4 exd4 5. Qxd4 Na6 6. Bg5 Be7 7. Bg2 O-O 8. e4
d5 9. cxd5 Nxd5 10. Bxe7 Nxe7 11. Nge2 Be6 12. O-O f6 13. Rfd1 Qxd4 14. Rxd4
Rfd8 15. Rad1 Rxd4 16. Rxd4 g5 17. Rd6 Kf7 18. Nd4 Bg4 19. f3 Bc8 20. Bf1 Nc7
21. Bc4+ Kg7 22. a4 h5 23. b4 a6 24. a5 Nb5 25. Ncxb5 axb5 26. Be6 c5 27. Bxc8
Nxc8 28. Rd7+ Kg6 29. Nf5 h4 30. Rg7+ 1-0

[Event "4NCL 3 South pool B"]
[Site "Telford, ENG"]
[Date "2016.03.19"]
[Round "7.99"]
[White "Crombleholme, Alan K"]
[Black "Matthews, Adrian M S"]
[Result "1-0"]
[WhiteElo "2053"]
[BlackElo "1882"]
[PlyCount "75"]
[EventDate "2016.03.19"]

1. Nf3 c5 2. b3 Nf6 3. Bb2 d5 4. g3 Nc6 5. Bg2 Bf5 6. O-O e6 7. d3 Bd6 8. c4 d4
9. Na3 O-O 10. Nc2 a5 11. e4 Bg4 12. h3 Bxf3 13. Qxf3 Nd7 14. Qe2 a4 15. b4 e5
16. b5 Ne7 17. Bc1 Nc8 18. a3 Be7 19. f4 Nd6 20. Ne1 b6 21. Nf3 f6 22. f5 Nf7
23. h4 Qc7 24. Bh3 Rfd8 25. Ra2 Kf8 26. g4 Ke8 27. g5 Nf8 28. Qh2 Ra7 29. Rg2
Nd6 30. gxf6 Bxf6 31. Nxe5 Nxb5 32. Nf3 Qxh2+ 33. Kxh2 Nc3 34. e5 Be7 35. Rxg7
Ne2 36. f6 Rdd7 37. Bxd7+ Rxd7 38. Rxe7+ 1-0

[Event "4NCL 3 South pool B"]
[Site "Telford, ENG"]
[Date "2016.03.19"]
[Round "7.99"]
[White "Whiteside, Robert"]
[Black "Alcock, Graham P"]
[Result "1-0"]
[WhiteElo "1794"]
[BlackElo "1792"]
[PlyCount "59"]
[EventDate "2016.03.19"]

1. e4 e5 2. Nf3 Nc6 3. Bb5 Bc5 4. O-O d6 5. c3 Bd7 6. d4 Bb6 7. a4 a6 8. Bc4 h6
9. Qe2 exd4 10. cxd4 Nxd4 11. Nxd4 Bxd4 12. Bxf7+ Kxf7 13. Qc4+ Be6 14. Qxd4
Qf6 15. Qb4 Rb8 16. Be3 Ne7 17. f4 Nc6 18. Qd2 Rhd8 19. Nc3 Kg8 20. Rf3 Kh7 21.
Rg3 Rd7 22. Rf1 Rbd8 23. Nd5 Qf8 24. b4 Ne7 25. f5 Bxd5 26. f6 Bc4 27. Rxg7+
Kh8 28. Bd4 Ng8 29. f7 Bxf1 30. fxg8=Q+ 1-0

[Event "4NCL 3 South pool B"]
[Site "Telford, ENG"]
[Date "2016.03.19"]
[Round "7.99"]
[White "Gill, Oliver"]
[Black "Paterson, Andrew I"]
[Result "1/2-1/2"]
[WhiteElo "2095"]
[BlackElo "2095"]
[PlyCount "147"]
[EventDate "2016.03.19"]

1. e4 c5 2. b3 g6 3. Bb2 Nf6 4. Nc3 d6 5. Nd5 Bg7 6. Nxf6+ Bxf6 7. Bxf6 exf6 8.
Bc4 O-O 9. Ne2 Re8 10. Bd5 f5 11. d3 Qg5 12. O-O Nc6 13. Qc1 Qxc1 14. Rfxc1
fxe4 15. dxe4 Nb4 16. Nc3 Nxd5 17. Nxd5 Rd8 18. Rd1 Be6 19. Nc7 Rac8 20. Nb5 d5
21. exd5 Rxd5 22. Rxd5 Bxd5 23. Nxa7 Re8 24. c4 Be6 25. Nb5 Rd8 26. Nc7 Rd2 27.
Nxe6 fxe6 28. Kf1 Kf7 29. Ke1 Rb2 30. Rd1 Rxa2 31. Rd7+ Kf6 32. Rxh7 Ke5 33.
Rxb7 Ke4 34. Rf7 e5 35. Rf3 g5 36. Re3+ Kd4 37. h3 e4 38. g3 Ra1+ 39. Ke2 Rh1
40. g4 Rg1 41. Rg3 Rh1 42. Kd2 Rh2 43. Ke1 Rh1+ 44. Ke2 Rb1 45. h4 gxh4 46. Rh3
Rb2+ 47. Kf1 Ke5 48. g5 Kf5 49. g6 Kxg6 50. Rxh4 Kf5 51. Rh5+ Kf4 52. Rxc5 Rxb3
53. Rc8 Rc3 54. c5 Kf3 55. Ke1 e3 56. Rf8+ Ke4 57. Re8+ Kf5 58. Rxe3 Rxc5 59.
Ke2 Rc2+ 60. Kf3 Kf6 61. Ra3 Rc6 62. Kg4 Kf7 63. Ra7+ Kf8 64. f4 Rb6 65. f5 Rc6
66. Kg5 Rb6 67. Kh5 Rc6 68. Ra4 Kf7 69. Rg4 Ra6 70. Kg5 Rb6 71. Rc4 Ra6 72. f6
Ra1 73. Rc7+ Kf8 74. Rg7 1/2-1/2

[Event "4NCL 3 South pool B"]
[Site "Telford, ENG"]
[Date "2016.03.19"]
[Round "7.99"]
[White "Fallowfield, Jeremy R"]
[Black "Pleasants, Allan J"]
[Result "1-0"]
[WhiteElo "2112"]
[BlackElo "2072"]
[PlyCount "55"]
[EventDate "2016.03.19"]

1. d4 d6 2. e4 g6 3. c4 Bg7 4. Nc3 Nc6 5. Be3 e5 6. Nge2 Nge7 7. d5 Nb8 8. Qd2
Nd7 9. Nc1 O-O 10. f3 f5 11. g4 a5 12. Nd3 fxg4 13. fxg4 b6 14. Be2 Nc5 15. Nf2
Bd7 16. O-O-O Na4 17. Nxa4 Bxa4 18. Rdf1 Be8 19. h4 c6 20. h5 Rc8 21. Kb1 a4
22. a3 b5 23. h6 Bh8 24. Nh3 Rxf1+ 25. Rxf1 cxd5 26. cxd5 Bd7 27. Ng5 Qc7 28.
Bd1 1-0

[Event "4NCL 3 South pool B"]
[Site "Telford, ENG"]
[Date "2016.03.19"]
[Round "7.99"]
[White "Simons, Martin J"]
[Black "Page, Mark E"]
[Result "0-1"]
[WhiteElo "2018"]
[BlackElo "2064"]
[PlyCount "98"]
[EventDate "2016.03.19"]

1. d4 Nf6 2. f3 d5 3. e4 e6 4. e5 Nfd7 5. f4 c5 6. c3 Nc6 7. Nf3 Qb6 8. Be2
cxd4 9. cxd4 Bb4+ 10. Nc3 f6 11. exf6 Nxf6 12. O-O O-O 13. Kh1 a6 14. Qd3 Bd6
15. g3 Bd7 16. b3 Rac8 17. Bb2 Nb4 18. Qb1 Be8 19. f5 exf5 20. a3 Ne4 21. Nxe4
fxe4 22. axb4 exf3 23. Bxf3 Rxf3 24. Rxf3 Bg6 25. Qf1 Be4 26. Kg1 Be5 27. Rd1
Bxf3 28. Qxf3 Rd8 29. Kg2 Bf6 30. Bc3 Qe6 31. Qd3 Qc6 32. Rc1 Qb5 33. Rd1 Qxd3
34. Rxd3 Re8 35. Bd2 Re2+ 36. Kg1 Re4 37. Bc3 Kf7 38. Kf2 Ke6 39. Re3 Kf5 40.
Kf3 Rxe3+ 41. Kxe3 Kg4 42. Kf2 Kh3 43. Kf3 Bg5 44. b5 axb5 45. Ba5 Kxh2 46. Bc7
Kh3 47. Be5 g6 48. Bf4 Bxf4 49. Kxf4 h5 0-1

[Event "4NCL 3 South pool B"]
[Site "Telford, ENG"]
[Date "2016.03.19"]
[Round "7.99"]
[White "Ingram, Keith R"]
[Black "Adaway, William"]
[Result "1-0"]
[WhiteElo "1987"]
[BlackElo "2002"]
[PlyCount "101"]
[EventDate "2016.03.19"]

1. e4 c5 2. Nf3 e6 3. d4 cxd4 4. Nxd4 Nf6 5. Nc3 Nc6 6. a3 d5 7. exd5 exd5 8.
Be2 Be7 9. O-O O-O 10. Be3 Ne5 11. Nf3 Nxf3+ 12. Bxf3 Be6 13. Bd4 Qd7 14. Re1
Rfd8 15. Qd3 Ne4 16. Rad1 Nxc3 17. Bxc3 Bc5 18. Re5 Rac8 19. Bxd5 Qc7 20. Qf3
Bxd5 21. Rexd5 Rxd5 22. Qxd5 Qb6 23. Qf5 Rd8 24. Rxd8+ Qxd8 25. g3 b6 26. Qg4
f6 27. Qe6+ Kf8 28. Qe4 h6 29. Kg2 a5 30. b4 axb4 31. axb4 Bd6 32. Be1 Qe7 33.
Kf3 b5 34. Qa8+ Kf7 35. Qd5+ Qe6 36. Qxe6+ Kxe6 37. Ke4 f5+ 38. Kd4 g5 39. h3
h5 40. c4 bxc4 41. Kxc4 g4 42. h4 f4 43. Kd4 f3 44. b5 Be5+ 45. Kc5 Kf5 46. Kd5
Bc7 47. Kc6 Be5 48. b6 Ke4 49. b7 Kd3 50. Ba5 Bxg3 51. fxg3 1-0

[Event "4NCL 3 South pool B"]
[Site "Telford, ENG"]
[Date "2016.03.19"]
[Round "7.99"]
[White "Gregory, Keith D F"]
[Black "Charnley, Bernard J"]
[Result "1-0"]
[WhiteElo "1987"]
[BlackElo "2006"]
[PlyCount "59"]
[EventDate "2016.03.19"]

1. Nf3 Nf6 2. c4 e6 3. g3 d5 4. Bg2 Nbd7 5. b3 b6 6. O-O Bb7 7. Bb2 Be7 8. d4
O-O 9. Nbd2 Ne4 10. Qc2 Ndf6 11. Nxe4 Nxe4 12. cxd5 exd5 13. Ne5 c5 14. dxc5
Bxc5 15. Nd3 Bd6 16. Bd4 Qe7 17. a4 Rfc8 18. Qb2 f6 19. a5 Nc5 20. Rfd1 Nxd3
21. Rxd3 Qc7 22. b4 Rab8 23. axb6 axb6 24. h4 Qc4 25. b5 Bb4 26. Rb1 Qxb5 27.
Rb3 Rc4 28. Rxb4 Rxb4 29. Qxb4 Qxe2 30. Qxb6 1-0

[Event "4NCL 3 South pool B"]
[Site "Telford, ENG"]
[Date "2016.03.19"]
[Round "7.99"]
[White "Cundy, Mark A"]
[Black "Marsh, Roger D W"]
[Result "1/2-1/2"]
[WhiteElo "1945"]
[BlackElo "1966"]
[PlyCount "81"]
[EventDate "2016.03.19"]

1. e4 g6 2. d4 Bg7 3. Nc3 c6 4. f4 d5 5. Nf3 Nf6 6. e5 Ne4 7. Bd3 Nxc3 8. bxc3
Bf5 9. O-O e6 10. Ba3 Bf8 11. Bxf8 Kxf8 12. c4 Bxd3 13. Qxd3 dxc4 14. Qxc4 b5
15. Qd3 a5 16. Ng5 Na6 17. Ne4 Nb4 18. Qd2 Qd5 19. Nd6 c5 20. c3 Nc6 21. Nxb5
Rd8 22. Rfd1 cxd4 23. Nxd4 g5 24. Qe3 gxf4 25. Qxf4 Qc5 26. Qf6 Rg8 27. Kh1 Qd5
28. Nxe6+ Qxe6 29. Rxd8+ Nxd8 30. Qxd8+ Kg7 31. Qd4 Rc8 32. h3 Rc4 33. Qe3 Ra4
34. Rd1 Rxa2 35. Rd6 Qe7 36. c4 Qh4 37. c5 Ra1+ 38. Kh2 Re1 39. Rh6 Rxe3 40.
Rxh4 Rc3 41. Re4 1/2-1/2

[Event "4NCL 3 South pool B"]
[Site "Telford, ENG"]
[Date "2016.03.19"]
[Round "7.99"]
[White "Thorarinsson, Pall A"]
[Black "Vlcek, Marek"]
[Result "1-0"]
[WhiteElo "2265"]
[BlackElo "1990"]
[PlyCount "69"]
[EventDate "2016.03.19"]

1. d4 Nf6 2. c4 e5 3. dxe5 Ng4 4. Bf4 Nc6 5. Nf3 Bb4+ 6. Nbd2 Qe7 7. e3 Ngxe5
8. Nxe5 Nxe5 9. Be2 a5 10. a3 Bc5 11. Ne4 Bb6 12. c5 Ba7 13. Qd5 f6 14. Bh5+ g6
15. Nxf6+ Qxf6 16. Bxe5 Qg5 17. Bf3 c6 18. Qe4 O-O 19. Bd6 Rf5 20. Qe8+ Kg7 21.
e4 Bxc5 22. exf5 Bxd6 23. fxg6 hxg6 24. h4 Qe5+ 25. Qxe5+ Bxe5 26. O-O-O d5 27.
Rde1 Bf4+ 28. Kd1 Bd6 29. Re8 Kf7 30. Rhe1 Bf8 31. h5 g5 32. h6 g4 33. h7 Kg7
34. R1e7+ Bxe7 35. h8=Q+ 1-0

[Event "4NCL 3 South pool B"]
[Site "Telford, ENG"]
[Date "2016.03.19"]
[Round "7.99"]
[White "Vachtfeidl, Petr"]
[Black "Agnew, Alan"]
[Result "1/2-1/2"]
[WhiteElo "1954"]
[BlackElo "2099"]
[PlyCount "86"]
[EventDate "2016.03.19"]

1. e4 d6 2. d4 Nf6 3. Nc3 e5 4. dxe5 dxe5 5. Qxd8+ Kxd8 6. Bg5 Bd6 7. O-O-O
Nbd7 8. Bc4 Ke8 9. f3 a6 10. a3 h6 11. Be3 b5 12. Ba2 Bb7 13. Nd5 Nxd5 14. Bxd5
Bxd5 15. Rxd5 Nf6 16. Rd3 Ke7 17. Ne2 Ke6 18. Rhd1 g6 19. Nc3 Rhc8 20. a4 Rab8
21. axb5 axb5 22. Nd5 Nxd5 23. Rxd5 Be7 24. Kd2 c6 25. Rd3 h5 26. Kc3 Rd8 27.
Rxd8 Rxd8 28. Rxd8 Bxd8 29. Kb4 Kd7 30. Bc5 Bf6 31. Bf8 Ke8 32. Bd6 Kd7 33. Kc5
Bg7 34. h3 Bf6 35. g4 Bg7 36. b3 Bf6 37. Bb8 Bg7 38. Bd6 Bf6 39. Bf8 Bg5 40.
Kb6 Be3+ 41. Bc5 Bf4 42. Kb7 Bg3 43. c4 bxc4 1/2-1/2

[Event "4NCL 3 South pool B"]
[Site "Telford, ENG"]
[Date "2016.03.19"]
[Round "7.99"]
[White "Okhai, Shabir"]
[Black "Mashayekh, Majid"]
[Result "1-0"]
[WhiteElo "2051"]
[BlackElo "1944"]
[PlyCount "53"]
[EventDate "2016.03.19"]

1. e4 c5 2. Nf3 d6 3. d4 cxd4 4. Nxd4 Nf6 5. Nc3 a6 6. Be3 e5 7. Nb3 Be6 8. f3
Nbd7 9. Qd2 Qc7 10. g4 Nb6 11. g5 Nfd7 12. O-O-O Be7 13. f4 exf4 14. Bxf4 Ne5
15. Nd4 Bg4 16. Be2 Nbc4 17. Nd5 Qd8 18. Qe1 Bxg5 19. Bxg5 Qxg5+ 20. Kb1 O-O
21. Rg1 Qh5 22. Qg3 f5 23. Nxf5 g6 24. Bxg4 Nxg4 25. Qxg4 Qxh2 26. Nfe7+ Kg7
27. Nxg6 1-0

[Event "4NCL 3 South pool B"]
[Site "Telford, ENG"]
[Date "2016.03.19"]
[Round "7.99"]
[White "Fowler, David"]
[Black "Galligan, Brian"]
[Result "0-1"]
[WhiteElo "1901"]
[BlackElo "2028"]
[PlyCount "118"]
[EventDate "2016.03.19"]

1. d4 Nf6 2. c4 g6 3. Nc3 d5 4. cxd5 Nxd5 5. e4 Nxc3 6. bxc3 c5 7. Bb5+ Nd7 8.
Nf3 Bg7 9. O-O O-O 10. Bg5 h6 11. Be3 a6 12. Bd3 Qc7 13. Qd2 Kh7 14. Rac1 e6
15. e5 b6 16. h4 Bb7 17. Qe2 Qd8 18. h5 Bxf3 19. Qxf3 Nxe5 20. Qe2 Nxd3 21.
hxg6+ fxg6 22. Qxd3 e5 23. d5 Qd6 24. c4 Rae8 25. Qe4 Qd7 26. Rb1 Rf6 27. Rb3
Qc7 28. Rfb1 Rd8 29. a4 a5 30. Rb5 Bf8 31. R1b3 Be7 32. Bd2 Rd7 33. Rh3 Bf8 34.
Rbb3 Kg8 35. Bxh6 Bxh6 36. Rxh6 Rg7 37. Re3 Rf4 38. Qc2 Qd6 39. Rg3 Kf7 40. Rh8
Rf6 41. Qb3 Rg8 42. Rxg8 Kxg8 43. Qb5 Kg7 44. Rg4 Rf7 45. f3 Qf6 46. Qb1 Rf8
47. Qe4 Rf7 48. Kf2 Re7 49. g3 Rf7 50. Rh4 Qg5 51. Qe3 Qf5 52. Qh6+ Kf6 53. Re4
Ke7 54. Qe3 Kd6 55. f4 Rh7 56. g4 Qf6 57. Rxe5 Qh4+ 58. Qg3 Qh1 59. Re6+ Kd7
0-1

[Event "4NCL 3 South pool B"]
[Site "Telford, ENG"]
[Date "2016.03.19"]
[Round "7.99"]
[White "Millward, Kevin P"]
[Black "Homolka, Vincent"]
[Result "1-0"]
[WhiteElo "2003"]
[BlackElo "1823"]
[PlyCount "49"]
[EventDate "2016.03.19"]

1. d4 d5 2. Bf4 Nf6 3. e3 Bf5 4. c4 e6 5. Qb3 Qc8 6. Nc3 c6 7. Nf3 Be7 8. Be2
O-O 9. O-O dxc4 10. Bxc4 Nbd7 11. h3 Nb6 12. Be2 Rd8 13. Rac1 Ne4 14. Nxe4 Bxe4
15. Nd2 Bg6 16. Rfd1 Bd6 17. Bxd6 Rxd6 18. a4 Rd8 19. a5 Nd5 20. Nc4 Qc7 21.
Qa3 Rac8 22. Ne5 Qe7 23. Rc5 f6 24. Nxg6 hxg6 25. Rxd5 1-0

[Event "4NCL 3 South pool B"]
[Site "Telford, ENG"]
[Date "2016.03.19"]
[Round "7.99"]
[White "Towers, Nigel S"]
[Black "Dydak, Mateusz"]
[Result "0-1"]
[WhiteElo "1797"]
[BlackElo "1884"]
[PlyCount "136"]
[EventDate "2016.03.19"]

1. e4 e6 2. d4 d5 3. Nd2 c5 4. exd5 exd5 5. Bb5+ Bd7 6. Qe2+ Qe7 7. Bxd7+ Nxd7
8. dxc5 Nxc5 9. Qxe7+ Bxe7 10. Ngf3 Bf6 11. O-O Ne7 12. Nb3 Na4 13. Nbd4 h6 14.
Rb1 O-O 15. Be3 a6 16. Rfd1 Rac8 17. c3 Rfd8 18. Rd2 Nc5 19. Rc1 b5 20. Nb3 Na4
21. Bd4 Bxd4 22. Nfxd4 Nb6 23. Re2 Kf8 24. Rce1 Rd7 25. g3 Nc4 26. Nc1 g6 27.
Nd3 Ng8 28. Ne5 Rdc7 29. h4 Nf6 30. Kg2 Kg7 31. f3 Nxe5 32. Rxe5 b4 33. cxb4
Rc4 34. Nb3 Rxb4 35. R1e2 Rc7 36. Re7 Rxe7 37. Rxe7 Rc4 38. Re2 h5 39. Rd2 Kf8
40. a3 Ke7 41. Na5 Rc7 42. Nb3 Kd6 43. Kf2 Nd7 44. g4 Nf6 45. g5 Nd7 46. f4 Nc5
47. Nxc5 Rxc5 48. Ke3 Rc1 49. Rf2 Rh1 50. f5 Rxh4 51. fxg6 Re4+ 52. Kd3 fxg6
53. Rf8 a5 54. Ra8 Ke5 55. Rxa5 Rg4 56. b4 Rxg5 57. Ra8 Rg3+ 58. Kc2 Kd4 59. a4
Kc4 60. b5 Rg2+ 61. Kd1 Kc5 62. Rc8+ Kb6 63. Rc6+ Kb7 64. a5 Rb2 65. a6+ Ka7
66. Rc7+ Ka8 67. Kc1 Rb3 68. Kc2 Rxb5 0-1

[Event "4NCL 3 South pool B"]
[Site "Telford, ENG"]
[Date "2016.03.19"]
[Round "7.99"]
[White "McMahon, Paul"]
[Black "Mercs, Peter J"]
[Result "1/2-1/2"]
[WhiteElo "2014"]
[BlackElo "2115"]
[PlyCount "89"]
[EventDate "2016.03.19"]

1. e4 c5 2. Nf3 d6 3. c3 g6 4. Be2 Bg7 5. O-O Nf6 6. d3 O-O 7. Bg5 Nbd7 8. Qc1
Rb8 9. a4 a6 10. Bh6 b5 11. Bxg7 Kxg7 12. Nbd2 Bb7 13. Re1 e5 14. Nf1 d5 15.
exd5 Nxd5 16. Ng3 f5 17. Qg5 Nf4 18. Qxd8 Rfxd8 19. Nh4 Kf6 20. axb5 axb5 21.
d4 Nxe2+ 22. Nxe2 g5 23. Nf3 Bxf3 24. gxf3 Rb6 25. Kg2 exd4 26. cxd4 cxd4 27.
f4 d3 28. fxg5+ Kxg5 29. f4+ Kg6 30. Nc3 Nf6 31. Re7 b4 32. Nd1 Nd5 33. Rea7
Nxf4+ 34. Kf3 Ne6 35. Ne3 Nd4+ 36. Kf2 Re6 37. Rg1+ Kf6 38. Rxh7 Ke5 39. Nc4+
Kd5 40. Ne3+ Kc5 41. Rc1+ Kb5 42. Rb7+ Rb6 43. Re7 Nc6 44. Rf7 Nd4 45. Nxf5
1/2-1/2

[Event "4NCL 3 South pool B"]
[Site "Telford, ENG"]
[Date "2016.03.19"]
[Round "7.99"]
[White "Combie, Alex B"]
[Black "Byway, Paul V"]
[Result "1-0"]
[WhiteElo "2025"]
[BlackElo "2092"]
[PlyCount "81"]
[EventDate "2016.03.19"]

1. d4 d5 2. c4 e6 3. Nf3 Nf6 4. g3 Be7 5. Bg2 O-O 6. O-O c5 7. cxd5 exd5 8. Nc3
Nc6 9. Bg5 c4 10. Ne5 Be6 11. b3 h6 12. Bxf6 Bxf6 13. Nxc6 bxc6 14. bxc4 dxc4
15. e3 Qa5 16. Na4 Rab8 17. Nc5 Rb2 18. Nxe6 fxe6 19. Bxc6 Rxa2 20. Rc1 Rd2 21.
Qg4 c3 22. Qxe6+ Kh8 23. Qc4 Be7 24. Qxc3 Bb4 25. Qc4 Qb6 26. Qb5 Qxb5 27. Bxb5
a5 28. Rc7 Ra2 29. Bc4 Rc2 30. Rc6 a4 31. Bd5 Rb2 32. Ra6 a3 33. Kg2 Bc3 34.
Rxa3 Bd2 35. Kg1 Rb5 36. Ra8 Rxa8 37. Bxa8 h5 38. h4 g5 39. hxg5 Rxg5 40. Kg2
Kg7 41. Rh1 1-0

[Event "4NCL 3 South pool B"]
[Site "Telford, ENG"]
[Date "2016.03.19"]
[Round "7.99"]
[White "Rosen, Daniel B"]
[Black "Walker, Andrew N"]
[Result "1/2-1/2"]
[WhiteElo "2069"]
[BlackElo "2069"]
[PlyCount "42"]
[EventDate "2016.03.19"]

1. e4 e5 2. Nf3 Nc6 3. Bb5 Nf6 4. d3 d6 5. c3 Bd7 6. O-O Be7 7. Nbd2 O-O 8. Qe2
a6 9. Ba4 Nh5 10. g3 f5 11. Bb3+ Kh8 12. Ne1 Qe8 13. exf5 Bxf5 14. Nc4 Qg6 15.
Kh1 Bh3 16. Rg1 Be6 17. f3 b5 18. Nd2 Bxb3 19. Nxb3 Rf7 20. Qe4 Qxe4 21. dxe4
Raf8 1/2-1/2

[Event "4NCL 3 South pool B"]
[Site "Telford, ENG"]
[Date "2016.03.19"]
[Round "7.128"]
[White "Garnett, John S"]
[Black "McCorry, Robert T"]
[Result "1/2-1/2"]
[WhiteElo "2001"]
[BlackElo "2022"]
[PlyCount "60"]
[EventDate "2016.03.19"]
[WhiteTeam "Ashfield-Breadsall 1"]
[BlackTeam "Poisoned Pawns"]

1. d4 g6 2. Nf3 Bg7 3. c4 d6 4. Nc3 Nf6 5. g3 O-O 6. Bg2 Nc6 7. O-O a6 8. b3
Rb8 9. a4 Bg4 10. h3 Bxf3 11. Bxf3 Nd7 12. e3 e5 13. dxe5 Ndxe5 14. Bb2 Nxf3+
15. Qxf3 Na5 16. Qd1 Qd7 17. Kh2 Qf5 18. Nd5 Qd7 19. Nf6+ Bxf6 20. Bxf6 Qe6 21.
Bc3 Nc6 22. Qe2 Rfe8 23. Rad1 b5 24. Qf3 Ne5 25. Bxe5 dxe5 26. axb5 axb5 27.
Qd5 bxc4 28. bxc4 Rb4 29. Rc1 c6 30. Qxe6 Rxe6 1/2-1/2

[Event "4NCL 3 South pool B"]
[Site "Telford, ENG"]
[Date "2016.03.19"]
[Round "7.99"]
[White "Judkins, Brian D"]
[Black "George, Matthew P"]
[Result "1/2-1/2"]
[WhiteElo "1847"]
[BlackElo "2036"]
[PlyCount "48"]
[EventDate "2016.03.19"]

1. e4 c5 2. Nf3 Nc6 3. d4 cxd4 4. Nxd4 g6 5. Nc3 Bg7 6. Be3 Nf6 7. Be2 O-O 8.
O-O d5 9. exd5 Nb4 10. Nb3 Nbxd5 11. Bd4 Nxc3 12. Bxc3 Qc7 13. Bf3 Be6 14. Re1
Rac8 15. Qe2 Nd5 16. Bxg7 Kxg7 17. c3 Nf4 18. Qc2 Bf5 19. Be4 Bxe4 20. Qxe4 e6
21. Rad1 Rfd8 22. g3 Nh3+ 23. Kg2 Ng5 24. Qe3 h6 1/2-1/2

[Event "4NCL 3 South pool B"]
[Site "Telford, ENG"]
[Date "2016.03.19"]
[Round "7.99"]
[White "Jarvis, Derek A"]
[Black "Mountford, Corinne"]
[Result "1-0"]
[WhiteElo "1928"]
[BlackElo "1727"]
[PlyCount "103"]
[EventDate "2016.03.19"]

1. e4 d5 2. exd5 Nf6 3. d4 Bg4 4. Be2 Bxe2 5. Qxe2 Qxd5 6. Nf3 e6 7. c4 Qf5 8.
O-O Be7 9. Nc3 O-O 10. h3 c6 11. Be3 Bb4 12. Rac1 Nbd7 13. a3 Bxc3 14. Rxc3
Rfe8 15. Rd1 h6 16. Qd3 Ne4 17. Rcc1 Rad8 18. Nh4 Qh7 19. Qb3 b6 20. Qa4 c5 21.
Qxa7 cxd4 22. Rxd4 Nec5 23. Rcd1 Ra8 24. Qc7 Rac8 25. Qa7 Ra8 26. Qc7 Rac8 27.
Qd6 e5 28. R4d2 Re6 29. Qd5 Nf6 30. Qf3 e4 31. Rd8+ Re8 32. Rxe8+ Rxe8 33. Qf5
Qxf5 34. Nxf5 Nfd7 35. b4 Nd3 36. Nd6 Re6 37. Nxe4 N3e5 38. Ng3 Nf6 39. c5 bxc5
40. Bxc5 Ned7 41. Be3 Ra6 42. Rd3 Ne5 43. Rb3 Nc4 44. b5 Ra8 45. b6 Nd7 46. b7
Rf8 47. Ba7 Nb8 48. Rc3 Nd6 49. Bc5 Nb5 50. Rb3 Nd4 51. Bxd4 Rd8 52. Be5 1-0